000 00570nam a22002297a 4500
001 48022
003 UA-OsUOA
005 20211019202350.0
007 ta
008 20070827b un ||||| |||| 00| 0 ukr d
040 _aUA-OsUOA
_brus
_cUA-OsUOA
_dUA-OsUOA
041 _arus
080 _a94(47+57)"1939/1945"
090 _a94(47+57)"1939/1945"
_bГ52
100 _aГладков Т.
245 _aМедведев
260 _aМ.
_bМолодая гвардия
_c1985
300 _a304 с.
650 7 _a94 Історія
_2UDC
942 _cBK
_2udc
955 _a2
999 _c334132
_d334132